La trampa y otros relatos / (Record no. 178058)

MARC details
000 -LEADER
campo de control de longitud fija 01194nam a2200313 4500
001 - NÚMERO DE CONTROL
campo de control 178058
003 - IDENTIFICADOR DE NÚMERO DE CONTROL
campo de control ES-MaACL
005 - FECHA Y HORA DE LA ÚLTIMA TRANSACCIÓN
campo de control 20230902114824.0
008 - DATOS DE LONGITUD FIJA--INFORMACIÓN GENERAL
campo de control de longitud fija 110516s2002 sp |||| |bspa d
020 ## - NÚMERO INTERNACIONAL ESTÁNDAR DEL LIBRO
Número Internacional Estándar del Libro 84-8472-081-0
080 ## - NÚMERO DE LA CLASIFICACIÓN DECIMAL UNIVERSAL
Número de la Clasificación Decimal Universal 821.134.2-32"19"
100 1# - ENTRADA PRINCIPAL--NOMBRE DE PERSONA
Nombre de persona Masip, Paulino.
9 (RLIN) 78727
245 13 - MENCIÓN DEL TÍTULO
Título La trampa y otros relatos /
Mención de responsabilidad, etc. Paulino Masip ; edición de María Teresa González de Garay.
260 ## - PUBLICACIÓN, DISTRIBUCIÓN, ETC.
Lugar de publicación, distribución, etc. Sevilla :
Nombre del editor, distribuidor, etc. Renacimiento,
Fecha de publicación, distribución, etc. 2002.
300 ## - DESCRIPCIÓN FÍSICA
Extensión 314 p. :
Otras características físicas 1 retr. ;
Dimensiones 22 cm.
490 1# - MENCIÓN DE SERIE
Mención de serie Biblioteca del exilio ;
Designación de volumen o secuencia 12
504 ## - NOTA DE BIBLIOGRAFÍA, ETC.
Nota de bibliografía, etc. Bibliografía: p. 32-44.
505 8# - NOTA DE CONTENIDO CON FORMATO
Nota de contenido con formato Contiene: Un ladrón ; El gafe o La necesidad de un responsable ; El hombre que perdió los bolsillos
700 1# - ENTRADA AGREGADA--NOMBRE PERSONAL
Nombre de persona González de Garay, María Teresa.
9 (RLIN) 58541
740 32 - ENTRADA AGREGADA--TÍTULO RELACIONADO/ANALÍTICO NO CONTROLADO
Título relacionado o analítico no controlado Un ladrón.
740 32 - ENTRADA AGREGADA--TÍTULO RELACIONADO/ANALÍTICO NO CONTROLADO
Título relacionado o analítico no controlado El gafe o La necesidad de un responsable.
740 32 - ENTRADA AGREGADA--TÍTULO RELACIONADO/ANALÍTICO NO CONTROLADO
Título relacionado o analítico no controlado El hombre que perdió los bolsillos.
830 1# - PUNTO DE ACCESO ADICIONAL DE SERIE-TÍTULO UNIFORME
Título uniforme Biblioteca del exilio ;
Designación de volumen o secuencia 12
9 (RLIN) 180374
852 ## - LOCALIZACIÓN
Ubicación ES-MaACL
itemnumber 184917
Sublocalización o colección R.145525
Número de control de estantería A-11179
Signatura antigua Olim: N-4184
Ubicación en estantería Depósito 1
Encuadernación Donación: José Esteban
903 ## - NOMBRE PERSONAL DE DONANTE
9 234040
a Esteban, José
e Donante
942 ## - ELEMENTOS DE ENTRADA SECUNDARIOS (KOHA)
Fuente del sistema de clasificación o colocación Clasificación decimal universal
Tipo de ítem Koha Libro impreso
Holdings
Estatus retirado Estado de pérdida Fuente del sistema de clasificación o colocación Estado de daño No para préstamo Biblioteca de origen Biblioteca actual Ubicación en estantería Fecha de adquisición Fuente de adquisición Total de préstamos Signatura topográfica completa Código de barras Visto por última vez Precio de reemplazo Tipo de ítem Koha
    Clasificación decimal universal     Biblioteca del Ateneo de Madrid Biblioteca del Ateneo de Madrid Depósito 1 16/05/2011 Donación   A-11179 1187050 23/02/2023 23/02/2023 Libro impreso